MCU-Charaktere mit Zitat - Statistiken

Allgemein
  • Dieses Quiz wurde 389 mal gespielt
  • Das Durchschnittsergebnis liegt bei 9 aus 16
Antwortstatistiken
Zitat Charakter % Korrekt
Ich bin Groot Groot
95%
Das ist mein Geheimnis, Captain. Ich bin immer wütend Bruce Banner
86%
Ich bin unvermeidbar Thanos
84%
Wenn du mich jetzt entschuldigen würdest, ich muss Jotunheim zerstören Loki
77%
Und ich kann's noch besser: Wozu ist Gamora? Drax
71%
Ein großer Mann in einer Rüstung. Lassen sie sie weg, was sind Sie dann? Captain America
66%
Als du den Zauberspruch verpfuscht hast, mit dem alle vergessen sollten, dass Peter Parker Spider-Man ist, bekamen wir ein paar Besucher aus jedem Universum Dr. Strange
59%
Ich finde, du siehst super aus, Cap. Wenn du mich fragst: Das ist Amerikas Arsch Scott Lang
59%
Helden wie die Avengers schützen die Welt vor physischen Gefahren. Wir Zauberer bewahren sie eher vor Bedrohungen mystischer Art Wong
55%
Kein Geld der Welt vermag eine Sekunde Zeit zu kaufen Tony Stark
52%
Wer zum Teufel ist Bucky? Winter Soldier
50%
Ich nehme zur Kenntnis, dass der Rat eine Entscheidung getroffen hat. Aber da die Entscheidung hirnverbrannt ist, habe ich mich entschieden, sie zu ignorieren Nick Fury
41%
Wenn du die Regeln brichst, wirst du der Held. Tue ich es, bin ich der Feind... ist irgendwie unfair. Wanda Maximoff
37%
Ich hab' ne Frage. Du musst natürlich nicht antworten. Wenn du nicht antwortest, antwortest du natürlich trotzdem Black Widow
22%
Nein, es ist nicht Asgard, das ist mein Mittagessen Mobius
7%
Zum Sieg geboren auf den Schwingen der Walküre Red Skull
6%
Keine übereinstimmenden Quizze gefunden
Verteilung der Resultate
Anzahl Personen mit jedem Resultat
Perzentil nach korrekt beantworteten Fragen
Ihre Resultats-Entwicklung
Sie haben dieses Quiz noch nicht gespielt